| 000 | 00988nmm a2200301 a 4500 | ||
|---|---|---|---|
| 001 | ocm0001299429 | ||
| 003 | TR-IsHL | ||
| 005 | 20201028162010.0 | ||
| 008 | 160715s2012 tu tur | ||
| 007 | cr cn | ||
| 020 | _a9786055541514 | ||
| 035 |
_a1299429 _b(N$T) |
||
| 050 | 0 | 4 |
_aHX39.5 _b.L66 2012 |
| 090 | 0 | 4 |
_aHX39.5 _b.L66 2012 |
| 100 | 1 | _aLonguet, Robert Jean | |
| 245 | 1 | 0 |
_aBüyük dedem Karl Marx _h[electronic resource] / _cRobert Jean Longuet ; çeviri Renan Akman |
| 260 |
_aİstanbul : _bYordam Kitap, _c2012 |
||
| 300 | _a224 p. | ||
| 500 |
_aDizin var. _x |
||
| 650 | 4 | _aSosyoloji | |
| 650 | 4 | _aSociology | |
| 650 | 0 | _aMarx, Karl, 1818-1883 | |
| 650 | 0 |
_aKomünizm _xBiyografi |
|
| 650 | 0 |
_aCommunists _xBiography |
|
| 650 | 7 |
_aPOLITICAL SCIENCE / Political Ideologies / Communism, Post-Communism & Socialism _2bisacsh |
|
| 700 | 1 | _aAkman, Renan | |
| 856 | 4 | 0 | _uhttp://search.ebscohost.com/login.aspx?direct=true&scope=site&db=e011xww&AN=1299429 |
| 999 |
_c14471 _d14471 |
||